Catálogo - Centro de Recursos para el Aprendizaje y la Investigación
Volver al Sitio - CRAI Biblioteca| 000 -CABECERA | |
|---|---|
| campo de control de longitud fija | 02094nam a2200337 4500 |
| 001 - NÚMERO DE CONTROL | |
| campo de control | 113519 |
| 003 - IDENTIFICADOR DEL NÚMERO DE CONTROL | |
| campo de control | DR-UNIBE |
| 005 - FECHA Y HORA DE LA ÚLTIMA TRANSACCIÓN | |
| campo de control | 20260317115107.0 |
| 008 - DATOS DE LONGITUD FIJA--INFORMACIÓN GENERAL | |
| campo de control de longitud fija | 250429b2010 ec ||||| |||| 00| 0 spa d |
| 020 ## - NÚMERO INTERNACIONAL ESTÁNDAR DEL LIBRO | |
| Número Internacional Estándar del Libro | 9789978928769 |
| 020 ## - NÚMERO INTERNACIONAL ESTÁNDAR DEL LIBRO | |
| Número Internacional Estándar del Libro | 9978928766 |
| 040 ## - FUENTE DE LA CATALOGACIÓN | |
| Centro catalogador/agencia de origen | BIBLIOTECA UNIBE |
| Centro/agencia transcriptor | BIBLIOTECA UNIBE |
| Lengua de catalogación | spa |
| Normas de descripción | rda |
| 041 ## - CÓDIGO DE LENGUA | |
| Código de lengua del texto/banda sonora o título independiente | spa |
| 082 ## - NÚMERO DE LA CLASIFICACIÓN DECIMAL DEWEY | |
| Número de edición | 22 |
| Número de clasificación | 342.8 E19n |
| 110 10 - ENTRADA PRINCIPAL--NOMBRE DE ENTIDAD CORPORATIVA | |
| Nombre de entidad corporativa o nombre de jurisdicción como elemento de entrada | Ecuador. Corte Constitucional para el Período de Transición |
| 9 (RLIN) | 194709 |
| 245 13 - MENCIÓN DE TÍTULO | |
| Título | El nuevo constitucionalismo en América Latina : |
| Resto del título | memorias del encuentro internacional El Nuevo Constitucionalismo : desafíos y retos para el siglo XXI / |
| Mención de responsabilidad, etc. | cuidado de la edición: Ángel Oleas Gallo ; corrección de estilo: Andrea Ávila Jácome ; transcripción de textos: Mónica Reyes, José Luis Espinoza, Alejandra Tapia ; diagramación y diseño: Sutti Arte & Comunicación |
| 250 ## - MENCIÓN DE EDICIÓN | |
| Mención de edición | Primera edición |
| 260 ## - PUBLICACIÓN, DISTRIBUCIÓN, ETC. | |
| Lugar de publicación, distribución, etc. | Quito : |
| Nombre del editor, distribuidor, etc. | Corte Constitucional, |
| Fecha de publicación, distribución, etc. | 2010 |
| 300 ## - DESCRIPCIÓN FÍSICA | |
| Extensión | 92 páginas ; |
| Dimensiones | 22 x 14 cm |
| 500 ## - NOTA GENERAL | |
| Nota general | Comentario de la obra en las solapas |
| 505 ## - NOTA DE CONTENIDO CON FORMATO | |
| Nota de contenido con formato | Presentación |<br/>I. Aspectos generales del nuevo constitucionalismo latinoamericano. Riberto Viciano y Rubén Martínez |<br/>II. Los retos del constitucionalismo en el siglo XXI. Miguel Carbonell |<br/>III. Neoconstitucionalismo y uso alternativo del derecho. José Antonio Martín Pallín |<br/>IV. Los derechos económicos y sociales en el nuevo constitucionalismo. Carlos Gaviria Díaz |<br/>V. Mutaciones constitucionales; nuevo rol del la interpretación constitucional. Carlos Alberto López Cadena |
| 651 #7 - PUNTO DE ACCESO ADICIONAL DE MATERIA--NOMBRE GEOGRÁFICO | |
| Nombre geográfico | América Latina |
| Subdivisión general | Historia constitucional |
| 9 (RLIN) | 194711 |
| 651 #7 - PUNTO DE ACCESO ADICIONAL DE MATERIA--NOMBRE GEOGRÁFICO | |
| Nombre geográfico | América Latina |
| Subdivisión general | Derecho constitucional |
| 9 (RLIN) | 194712 |
| 700 10 - PUNTO DE ACCESO ADICIONAL--NOMBRE DE PERSONA | |
| Nombre de persona | Oleas Gallo, Ángel |
| 9 (RLIN) | 194713 |
| Término indicativo de función/relación | cuidado de la edición |
| 700 10 - PUNTO DE ACCESO ADICIONAL--NOMBRE DE PERSONA | |
| Nombre de persona | Ávila Jácome, Andrea |
| 9 (RLIN) | 194714 |
| Término indicativo de función/relación | corrector de estilo |
| 700 10 - PUNTO DE ACCESO ADICIONAL--NOMBRE DE PERSONA | |
| Nombre de persona | Reyes, Mónica |
| 9 (RLIN) | 194715 |
| Término indicativo de función/relación | transcriptor de textos |
| 700 10 - PUNTO DE ACCESO ADICIONAL--NOMBRE DE PERSONA | |
| Nombre de persona | Espinoza, José Luis |
| 9 (RLIN) | 194716 |
| Término indicativo de función/relación | transcriptor de textos |
| 700 10 - PUNTO DE ACCESO ADICIONAL--NOMBRE DE PERSONA | |
| Nombre de persona | Tapia, Alejandra |
| 9 (RLIN) | 194717 |
| Término indicativo de función/relación | transcriptor de textos |
| 710 10 - PUNTO DE ACCESO ADICIONAL--NOMBRE DE ENTIDAD CORPORATIVA | |
| Nombre de entidad corporativa o nombre de jurisdicción como elemento de entrada | Sutti Arte & Comunicación |
| 9 (RLIN) | 194718 |
| Término indicativo de función/relación | diagramador |
| -- | diseñador |
| 942 ## - ELEMENTOS DE PUNTO DE ACCESO ADICIONAL (KOHA) | |
| Fuente del sistema de clasificación o colocación | Sistema de Clasificación Decimal Dewey |
| Tipo de ítem Koha | Libro (general) |
| Estado de retiro | Estado de pérdida | Fuente del sistema de clasificación o colocación | No para préstamo | Código de colección | Localización permanente | Fecha de adquisición | Total de préstamos | Signatura topográfica completa | Código de barras | Fecha visto por última vez | Número de copia | Precio válido a partir de | Tipo de ítem Koha |
|---|---|---|---|---|---|---|---|---|---|---|---|---|---|
| Disponible | Sistema de Clasificación Decimal Dewey | General | Biblioteca Central UNIBE | 01/04/2025 | 342.8 E19n | 250369 | 29/04/2025 | Ej. 1 | 29/04/2025 | Libro (general) |